Evoked Spinal Cord Potentials An Illustrated Guide to Physiology, Pharmacology, and Recording Techniques /

Techniques using evoked spinal cord potentials (SCPs) have become important clinical tools for monitoring spinal cord surgery and diagnosing spinal cord diseases. This book surveys the neurophysiological and neuropharmacological bases of evoked SCPs with reference to animal studies and to recording...

Full description

Bibliographic Details
Main Authors: Kano, Tatsuhiko (Author), Katayama, Yoichi (Author), Fukuda, Satoru (Author)
Corporate Author: SpringerLink (Online service)
Other Authors: Shimoji, Koki (Editor), Willis, William D. (Editor)
Format: Electronic eBook
Language:English
Published: Tokyo : Springer Japan, 2006.
Subjects:
Online Access:Full Text via HEAL-Link
LEADER 03608nam a22005775i 4500
001 978-4-431-30901-7
003 DE-He213
005 20151204181818.0
007 cr nn 008mamaa
008 100301s2006 ja | s |||| 0|eng d
020 |a 9784431309017  |9 978-4-431-30901-7 
024 7 |a 10.1007/4-431-30901-2  |2 doi 
040 |d GrThAP 
050 4 |a RD592.5-596 
072 7 |a MNN  |2 bicssc 
072 7 |a MED085010  |2 bisacsh 
082 0 4 |a 617.48  |2 23 
100 1 |a Kano, Tatsuhiko.  |e author. 
245 1 0 |a Evoked Spinal Cord Potentials  |h [electronic resource] :  |b An Illustrated Guide to Physiology, Pharmacology, and Recording Techniques /  |c by Tatsuhiko Kano, Yoichi Katayama, Satoru Fukuda ; edited by Koki Shimoji, William D. Willis. 
264 1 |a Tokyo :  |b Springer Japan,  |c 2006. 
300 |a 232 p.  |b online resource. 
336 |a text  |b txt  |2 rdacontent 
337 |a computer  |b c  |2 rdamedia 
338 |a online resource  |b cr  |2 rdacarrier 
347 |a text file  |b PDF  |2 rda 
505 0 |a Bases of Understanding the Spinal Cord -- Neuroanatomical Considerations -- Physiology of the Spinal Cord -- Pharmacology of the Spinal Cord -- Overviews of Human (Evoked) Spinal Cord Potentials (SCPs): Recording Methods and Terminology -- Somatosensory Evoked Spinal Cord Potentials (Segmental SCPs) -- Segmental SCPs -- Spinal Cord Potentials Evoked by Ascending Volleys -- Spinal Cord Potentials Evoked by Descending Volleys -- Heterosegmental SCPs (HSPs) -- Clinical Pharmacology -- Motor Evoked SCPs -- Transcranial Magnetically Evoked SCPs (TCM-Evoked SCPs) -- Transcranial Electrically Evoked SCPs (TCE-Evoked SCPs) -- Case Studies (Clinical Applications) -- Monitoring by SCPs During Surgical Operations -- Diagnosis by Spinal Cord Potentials of Spinal Diseases. 
520 |a Techniques using evoked spinal cord potentials (SCPs) have become important clinical tools for monitoring spinal cord surgery and diagnosing spinal cord diseases. This book surveys the neurophysiological and neuropharmacological bases of evoked SCPs with reference to animal studies and to recording those potentials mainly from the spinal epidural space. Generous use of illustrations promotes understanding of the neurophysiological and neuropharmacological backgrounds of monitoring spinal cord functions, and case studies provide additional insight into the monitoring and diagnosis of spinal cord dysfunction and disease. The book is especially useful for students and those new to the fields of clinical neurophysiology, neurosurgery, neurology, orthopedics, and neuroanesthesia. No other text sets forth the terminology of the components of evoked SCPs as clearly as this volume does with its careful use of lucid explanations and illustrations. 
650 0 |a Medicine. 
650 0 |a Human physiology. 
650 0 |a Pharmacology. 
650 0 |a Human anatomy. 
650 0 |a Anesthesiology. 
650 0 |a Neurosurgery. 
650 0 |a Orthopedics. 
650 1 4 |a Medicine & Public Health. 
650 2 4 |a Neurosurgery. 
650 2 4 |a Surgical Orthopedics. 
650 2 4 |a Human Physiology. 
650 2 4 |a Pharmacology/Toxicology. 
650 2 4 |a Anatomy. 
650 2 4 |a Anesthesiology. 
700 1 |a Katayama, Yoichi.  |e author. 
700 1 |a Fukuda, Satoru.  |e author. 
700 1 |a Shimoji, Koki.  |e editor. 
700 1 |a Willis, William D.  |e editor. 
710 2 |a SpringerLink (Online service) 
773 0 |t Springer eBooks 
776 0 8 |i Printed edition:  |z 9784431240266 
856 4 0 |u http://dx.doi.org/10.1007/4-431-30901-2  |z Full Text via HEAL-Link 
912 |a ZDB-2-SME 
950 |a Medicine (Springer-11650)